| Tag |
First Indicator |
Second Indicator |
Subfields |
| LEADER |
00000cam a2200000 4500 |
| 001 |
in00000214641 |
| 005 |
20151009055155.0 |
| 008 |
720530s1957 alub 00010 eng |
| 010 |
|
|
|a 58001009
|
| 035 |
|
|
|a (OCoLC)00319330
|
| 035 |
|
|
|9 AAX0109AM
|
| 040 |
|
|
|c WSU
|d TXA
|d UtOrBLW
|
| 049 |
|
|
|a TXAM
|c [313380]
|
| 050 |
|
0 |
|a PE2932
|b .M3
|
| 082 |
0 |
|
|a 427.9
|
| 090 |
|
|
|a PE1702
|b .A5 no. 27
|
| 100 |
1 |
|
|a Marckwardt, Albert H.
|q (Albert Henry),
|d 1903-1975.
|
| 245 |
1 |
0 |
|a Principal and subsidiary dialect areas in the North-Central States /
|c [by] Albert H. Harckwardt. English loan words in the Low German dialect of Westphalia, Missouri, [by] W. A. Willibrand. The secretary's report.
|
| 264 |
|
1 |
|a University :
|b Published for the Society by University of Alabama Press,
|c 1957.
|
| 300 |
|
|
|a 32 pages :
|b maps. ;
|c 23 cm.
|
| 336 |
|
|
|a text
|b txt
|2 rdacontent
|
| 337 |
|
|
|a unmediated
|b n
|2 rdamedia
|
| 338 |
|
|
|a volume
|b nc
|2 rdacarrier
|
| 490 |
1 |
|
|a American Dialect Society. Publication ;
|v no.27
|
| 650 |
|
0 |
|a English language
|x Dialects
|z Middle West.
|
| 650 |
|
0 |
|a Low German language
|x Dialects
|z Missouri
|z Westphalia.
|
| 650 |
|
0 |
|a Low German language
|x Foreign words and phrases
|x English.
|
| 700 |
1 |
|
|a Willibrand, W. A.
|q (William Anthony).
|t English loan words in the Low German dialect of Westphalia, Missouri.
|
| 830 |
|
0 |
|a Publication of the American Dialect Society ;
|v no. 27.
|
| 999 |
|
|
|a MARS
|
| 999 |
f |
f |
|s 49eecc39-1435-342d-94e0-ca62d272e227
|i 353659c8-4ad5-30ac-8531-8be3c548f104
|t 0
|
| 952 |
f |
f |
|p ric
|a Texas A&M University
|b Rellis Campus
|c Joint Library Facility
|s JLF
|d Remote Storage
|t 0
|e PE1702 .A5 no.27
|h Library of Congress classification
|i unmediated -- volume
|m A14803605937
|
| 952 |
f |
f |
|p noncirc
|a Texas A&M University
|b College Station
|c Cushing Memorial Library & Archives
|s cush mitc
|d Cushing: Literature/Mitchell (Does not check out)
|t 0
|e PE1702 .A5 no.27
|h Library of Congress classification
|i unmediated -- volume
|
| 998 |
f |
f |
|a PE1702 .A5 no.27
|t 0
|l Cushing: Literature/Mitchell (Does not check out)
|
| 998 |
f |
f |
|a PE1702 .A5 no.27
|t 0
|l Remote Storage
|